000 00891nam a22002537a 4500
999 _c11473
_d11473
003 AR-CdUCM
008 190404b ||||| |||| 00| 0 spa d
040 _aMUNICIPALIDAD PROVINCIAL DEL CUSCO
_cBIBLIOTECA MUNICIPAL DEL CUSCO
082 _aES / 373.460 /
_bC55
100 _aCisneros H., Cecilia
_928850
110 _aCentro de servicios y transparencia tecnológica PUCP
_928832
245 _aLengua 1 /
260 _aLima :
_bEditorial Strella,
_c1996,
300 _a244 páginas ;
_bFotografías, ilustraciones,
_c28 cm.
440 _aPontificia universidad católica del Perú
_928851
505 _aContenido: Libro de lengua para educación secundaria.
650 _aLenguaje
_95227
650 _aLiteratura
_983
650 _aLibro escolar
_928813
700 _aCisneros V., Luis Jaime
_928852
700 _aOquendo C., Abelardo
_928853
942 _2ddc
_cLIBROS
945 _adavv